000 00331nam a22001457a 4500
003 SGT
020 _a9789386418302
082 _a630
_bANE
100 _aANEJA. K.R
245 _aEXPERIMENTAL IN MICROBIOLOGY PLANT PATHOLOGY TISSUE CULTURE
250 _a5TH
260 _bNEW AGE PUB.
_c2018
300 _a580
942 _2ddc
_cBK
999 _c15770
_d15770